000 00499nam a2200193Ia 4500
003 OSt
005 20250218131910.0
008 210210b xxu||||| |||| 00| 0 eng d
040 _cAL
041 _ahin
082 _a862/111
100 _aSURAJABHAN
_9200712
110 _bसूराजाभान
_9200713
245 _aSugam hindi gadya
_bसुगम हिंदी गद्य
260 _aDilli
_bRajpal & Sons
690 _aHindi Prose
_9200715
906 _a023354
942 _2ddc
_cBK
999 _c148322
_d148322